|
|
|
|
| LEADER |
02264nam a2200553 a 4500 |
| 001 |
nkc20061695716 |
| 003 |
CZ PrNK |
| 005 |
20070411135018.0 |
| 007 |
ta |
| 008 |
061101s2006 xr f 000 0 cze |
| 015 |
|
|
|a cnb001695716
|
| 020 |
|
|
|a 80-210-4138-2
|q (brož.)
|
| 035 |
|
|
|a (OCoLC)124090593
|
| 040 |
|
|
|a OLA001
|b cze
|d ABA001
|
| 041 |
0 |
|
|a cze
|b eng
|
| 072 |
|
7 |
|a 811.162.3
|x Čeština
|2 Konspekt
|9 11
|
| 080 |
|
|
|a 811.162.3
|2 MRF
|
| 080 |
|
|
|a 81'366.2
|2 MRF
|
| 080 |
|
|
|a 81'366.522
|2 MRF
|
| 080 |
|
|
|a (048.8)
|2 MRF
|
| 100 |
1 |
|
|a Tušková, Jana Marie,
|d 1961-
|7 mzk2007382189
|4 aut
|
| 245 |
1 |
0 |
|a Variantní a dubletní tvary v současné deklinaci apelativních feminin /
|c Jane Marie Tušková
|
| 250 |
|
|
|a 1. vyd.
|
| 260 |
|
|
|a Brno :
|b Masarykova univerzita,
|c 2006
|
| 300 |
|
|
|a 175 s. ;
|c 21 cm
|
| 490 |
1 |
|
|a Spisy Pedagogické fakulty Masarykovy univerzity ;
|v sv. č. 98
|
| 500 |
|
|
|a Nad názvem: Pedagogická fakulta Masarykovy univerzity, Katedra českého jazyka
|
| 500 |
|
|
|a 80 výt.
|
| 504 |
|
|
|a Obsahuje bibliografii
|
| 546 |
|
|
|a Anglické resumé
|
| 650 |
0 |
7 |
|a čeština
|7 ph135292
|2 czenas
|
| 650 |
0 |
7 |
|a skloňování
|7 ph123498
|2 czenas
|
| 650 |
0 |
7 |
|a ženský rod (mluvnice)
|7 ph388315
|2 czenas
|
| 650 |
0 |
9 |
|a Czech language
|2 eczenas
|
| 650 |
0 |
9 |
|a declension
|2 eczenas
|
| 650 |
0 |
9 |
|a feminine gender (grammar)
|2 eczenas
|
| 655 |
|
7 |
|a monografie
|7 fd132842
|2 czenas
|
| 655 |
|
9 |
|a monographs
|2 eczenas
|
| 710 |
2 |
|
|a Masarykova univerzita.
|b Katedra českého jazyka
|7 mzk2004237503
|
| 810 |
2 |
|
|a Masarykova univerzita.
|b Pedagogická fakulta.
|t Spisy
|0 s
|
| 856 |
4 |
1 |
|u http://www.digitalniknihovna.cz/mzk/uuid/uuid:6fdd9cf0-0ca2-11e8-bdb0-005056827e51
|y Digitalizovaný dokument
|x NDK
|
| 910 |
2 |
|
|a BOA001
|b 2-1180.741
|
| 990 |
|
|
|a BK
|
| 995 |
|
|
|a 01
|
| 991 |
|
|
|b 200702
|c NOV
|
| 996 |
6 |
|
|b 2610300994
|c 2-1180.741
|l MZK
|r Sklad / do 1 hodiny
|n 0
|p p.v.
|w 000839403
|u 000010
|a 1
|e BOA001
|j MZK50
|s P
|
| 996 |
7 |
|
|b 2610300995
|c 2-1180.741
|l MZK
|r Sklad / do 1 hodiny
|n 7
|p p.v.
|w 000839403
|u 000020
|a 1
|e BOA001
|j MZK50
|s A
|
| 996 |
7 |
|
|b 2610301601
|c 2-1180.741
|l MZK
|r Sklad / do 1 hodiny
|n 9
|p kup
|w 000839403
|u 000030
|a 1
|e BOA001
|j MZK50
|s A
|
| 996 |
7 |
|
|b 2610301602
|c 2-1180.741
|l MZK
|r Sklad / do 1 hodiny
|n 1
|p kup
|w 000839403
|u 000040
|a 1
|e BOA001
|j MZK50
|s A
|